KOHA-Header-6

Database System Concepts (Record no. 12503)

000 -LEADER
fixed length control field 00227nam a22001097a 4500
020 ## - INTERNATIONAL STANDARD BOOK NUMBER
ISBN 9781260515046
082 ## - DEWEY DECIMAL CLASSIFICATION NUMBER
Classification number 005.74
100 ## - MAIN ENTRY--AUTHOR NAME
Personal name Abraham Silberschatz
245 ## - TITLE STATEMENT
Title Database System Concepts
250 ## - EDITION STATEMENT
Edition statement 7th
942 ## - ADDED ENTRY ELEMENTS (KOHA)
Koha item type Books
Holdings
Withdrawn status Lost status Collection code Permanent Location Current Location Shelving location Date acquired Full call number Accession Number Koha item type
    Computer Science MAJU MAJU   2020-09-08 005.74 9633 Computer Science

Powered by Koha